| 000 | 00559nam a2200181 4500 | ||
|---|---|---|---|
| 003 | CO-ViMGA | ||
| 020 | _a9788468301921 | ||
| 040 |
_aCO-ViMGA _bspa _cCO-ViMGA |
||
| 090 | _aGARu | ||
| 100 | 1 |
_aGarcia Sabatés, Berta. _97354 |
|
| 245 | 1 | 0 |
_aUn bebé en casa / _cBerta Garcia Sabatés. |
| 260 |
_aChina: _bEDEBÉ, _c2011. |
||
| 300 |
_a35 p. : _bil. ; 24.5 cm. |
||
| 650 | 1 | 4 |
_aGuía para adultos sobre la llegada de un nuevo hermanito. _97356 |
| 650 | 1 | 4 |
_aLa llegada de un bebé. _97355 |
| 700 | 1 |
_aModéré, Armelle, _eilustraciones. _97357 |
|
| 942 |
_2ddc _cBK |
||
| 999 |
_c11136 _d11136 |
||